NBA Quiz - Statistics

General Stats
  • This quiz has been taken 2,790 times
  • The average score is 7 of 10
Answer Stats
Question Answer % Correct
Who is nicknamed "The King?" LeBron James
90%
Who was the 2009 Lakers MVP? Kobe Bryant
89%
Who scored the second most points in one NBA game? Kobe Bryant
89%
Who scored the most points in one NBA game? Wilt Chamberlain
88%
What is the most points scored in one game? One-Hundred
85%
What team is Dwyane Wade on? Heat
80%
Who's nickname is "Air?" Michael Jordan
74%
LeBron's average points per game is: 28.5
57%
Who won the 2008 slam dunk contest? Dwight Howard
36%
Who played half soccer/half basketball game for charity? Steve Nash
19%
No matching quizzes found
Score Distribution
Percent of People with Each Score
Percentile by Number Answered
Your Score History
You have not taken this quiz